paroles - 1pliké140 - premier hors série(freestyle) - Statistiques

Statistiques générales
  • Ce quiz a été pris 38 fois
  • Le résultat moyen est 306 sur 754
Statistiques - réponses
answers % Correct
de
90%
à
87%
a
87%
Le
87%
le
87%
te
87%
r
83%
un
83%
Un
83%
Ça
80%
ça
80%
ma
80%
mon
80%
pas
80%
qui
80%
Tu
80%
tu
80%
B
77%
sur
77%
temps
77%
vie
77%
bien
73%
des
73%
j’ai
73%
J’ai
73%
me
73%
plan
73%
que
73%
ta
73%
Y
73%
y
73%
Canada
70%
cœur
70%
dis
70%
d’où
70%
je
70%
les
70%
Les
70%
levé
70%
nada
70%
On
70%
on
70%
par
70%
plans
70%
suis
70%
vrai
70%
cité
67%
fais
67%
Fernando
67%
heures
67%
J’connais
67%
mais
67%
visser
67%
yeux
67%
baroder
63%
Ces
63%
dans
63%
J’aime
63%
J’me
63%
j’me
63%
j’peux
63%
vient
63%
bandés
60%
J’perds
60%
onze
60%
rapportent
60%
tes
60%
t’es
60%
c’est
57%
il
57%
mecs
57%
Midi
57%
ton
57%
du
53%
la
53%
53%
l’a
53%
peuvent
53%
'quette
53%
si
53%
Si
53%
boulot
50%
débordé
50%
gantés
50%
grave
50%
j’suis
50%
J’suis
50%
max-T
50%
seize
50%
veux
50%
acheter
47%
direct
47%
et
47%
Et
47%
qu’t’es
47%
calme
43%
comme
43%
Comme
43%
faux
43%
gâchée
43%
lâcher
43%
seul
43%
soulever
43%
s’ra
43%
choses
40%
deux
40%
j'fais
40%
J'fais
40%
l’instru’
40%
normal
40%
ou
40%
précis
40%
sort
40%
apprécie
37%
cinq
37%
grammes
37%
ils
37%
Ils
37%
indécis
37%
J’découpe
37%
mère
37%
mes
37%
ne
37%
Pour
37%
pour
37%
en
33%
est
33%
ient-cli
33%
met
33%
quel
33%
sacoche
33%
tête
33%
Trop
33%
trop
33%
BAC
30%
chiffres
30%
d'salopes
30%
Elle
30%
elle
30%
font
30%
gants
30%
gifles
30%
j’lui
30%
J’mets
30%
keufs
30%
langage
30%
l’ient-cli
30%
L’instrumentale
30%
l’tier-quar
30%
mets
30%
Mettre
30%
négros
30%
parlé
30%
parlent
30%
peut
30%
signes
30%
son
30%
t’chouara
30%
t'fume
30%
veut
30%
au
27%
Au
27%
avec
27%
connards
27%
d'pédés
27%
gros
27%
j'pense
27%
l’secteur
27%
monde
27%
Piccolo
27%
pu
27%
putain
27%
qu’à
27%
sont
27%
tenir
27%
tourne
27%
vert
27%
vit
27%
avis
23%
bacqueux
23%
bat
23%
coller
23%
couilles
23%
s’en
23%
tournevis
23%
vifs
23%
cul
20%
dégages
20%
donner
20%
fait
20%
harbat
20%
j'oublie
20%
l’rrain-te
20%
qu’les
20%
scoot’
20%
soul’ver
20%
t’dépouille
20%
te-shi
20%
9.2.1.4.0
17%
9.2..1.4.0
17%
condés
17%
donc
17%
faut
17%
promène
17%
quand
17%
Rentre
17%
rentre
17%
t’as
17%
tier-quar
17%
âge
13%
alerter
13%
blablater
13%
cache
13%
demande
13%
dirait
13%
d’la
13%
genre
13%
interminables
13%
minables
13%
Minaj
13%
miné
13%
monnaie
13%
Nicki
13%
pocheton
13%
promenais
13%
qu’mes
13%
sale
13%
terrain
13%
tous
13%
adresse
10%
askip
10%
cachées
10%
crie
10%
gaz
10%
l’étage
10%
merci
10%
mes-ar
10%
Netflix
10%
Parfois
10%
peux
10%
phrases
10%
plavon
10%
qualité
10%
quitter
10%
sous
10%
t’agresse
10%
tail-dé
10%
tout
10%
veulent
10%
vont
10%
140BRICKS
7%
appeler
7%
bonhommes
7%
cas
7%
chercher
7%
ciné
7%
demain
7%
devant
7%
faire
7%
glace
7%
guettent
7%
J’vais
7%
l’as
7%
Las
7%
mal
7%
matelas
7%
même
7%
mérites
7%
nous
7%
passants
7%
place
7%
plavons
7%
plus
7%
potos
7%
problème
7%
pute
7%
quartier
7%
qu'on
7%
qu’on
7%
sse-lia
7%
tel-hô
7%
textes
7%
toi
7%
trafique
7%
vu
7%
aussitôt
3%
batman
3%
billet
3%
bloc
3%
bouillave
3%
bout
3%
brouille-em
3%
casino
3%
cello’
3%
compris
3%
cru
3%
déplace
3%
écrase
3%
escaliers
3%
est-c’que
3%
finir
3%
fric
3%
grossir
3%
guerre
3%
halluciné
3%
ients-clis
3%
insolent
3%
j’enchaîne
3%
journée
3%
J’sais
3%
j’voulais
3%
l’mêle
3%
l’refait
3%
marathon
3%
mé-cra
3%
minimum
3%
moi
3%
opé’
3%
Passe
3%
prend
3%
qu’tu
3%
rigolait
3%
schlass
3%
solo
3%
t’auras
3%
t’étonne
3%
tiagas
3%
tieks
3%
Toute
3%
trouvent
3%
Vegas
3%
accompagné
0%
accoster
0%
alors
0%
Aquarium
0%
bloqué
0%
b'soin
0%
buzz
0%
calibré
0%
cambrioler
0%
chiffrer
0%
coffré
0%
contrôlent
0%
d’barrette
0%
d’donner
0%
déboule
0%
déjà
0%
démanteler
0%
d'être
0%
d'habitude
0%
dix
0%
d'l'argent
0%
d’mе
0%
d'pocheton
0%
d’tuer
0%
effets
0%
été
0%
éteindre
0%
être
0%
fond
0%
four
0%
fоut
0%
hiver
0%
jamais
0%
J’entends
0%
j’mе
0%
J’marche
0%
J’veux
0%
j’y
0%
kiffé
0%
laud-sa
0%
l'bâtiment
0%
l’mоndе
0%
marche
0%
m'câliner
0%
méchants
0%
mieux
0%
miss
0%
moment
0%
mumu
0%
n’est
0%
Nila
0%
obligé
0%
offerte
0%
opinel
0%
ouvert
0%
palier
0%
partir
0%
perdu
0%
porcs
0%
pourtant
0%
ravitaillé
0%
réel
0%
reufré
0%
revient
0%
s’enfume
0%
sens
0%
shlags
0%
sirènes
0%
sombres
0%
sortir
0%
street
0%
stupéfiants
0%
tenu
0%
thunes
0%
T’inquiète
0%
tomber
0%
trahir
0%
truc
0%
t’sens
0%
vais
0%
Vaut
0%
venus
0%
ville
0%
voir
0%
Aucun quiz correspondant
Distribution des résultats
% des personnes avec chaque résultat
Percentile par nombre de réponses
Votre historique - résultats
Vous n’avez pas pris ce quiz